Every Song by Orchid - Statistics

General Stats
  • This quiz has been taken 2 times
  • The average score is 12 of 65
Answer Stats
Album Song % Correct
Dance Tonight! Revolution Tomorrow!(2000) Destination: Blood!
100%
Dance Tonight! Revolution Tomorrow!(2000) I Am Nietzche
100%
Gatefold(2002) Loft Party
100%
Chaos Is Me(1999) New Jersey vs. Valhalla
100%
Gatefold(2002) Amherst Pandemonium (Part 1)
50%
Gatefold(2002) Amherst Pandemonium (Part 2)
50%
Dance Tonight! Revolution Tomorrow!(2000) …And the Cat Turned to Smoke
50%
Dance Tonight! Revolution Tomorrow!(2000) Anna Karina
50%
Chaos Is Me(1999) Epilogue of a Car Crash
50%
Gatefold(2002) I Wanna Fight
50%
Chaos Is Me(1999) Le Desordre, C'est Moi
50%
Dance Tonight! Revolution Tomorrow!(2000) Lights Out
50%
Jeromes Dream / Orchid(2000) Mono vs. Stereo
50%
Orchid / The Red Scare(2000) She Has a Cold, Cold Heart
50%
Dance Tonight! Revolution Tomorrow!(2000) Snow Delay at the Frankfurt School
50%
Dance Tonight! Revolution Tomorrow!(2000) Victory Is Ours
50%
Chaos Is Me(1999) Weekend at the Fire Academy
50%
Totality(2005) Weekend at the Fire Academy
50%
Gatefold(2002) We Love Prison
50%
We Hate You(1997) 36 Day Syndrome
0%
Chaos Is Me(1999) Aesthetic Dialectic
0%
Gatefold(2002) Anais Nin by Numbers
0%
We Hate You(1997) Angel
0%
Gatefold(2002) A Visit from Dr. Goodsex
0%
We Hate You(1997) A Written Apology
0%
Jeromes Dream / Orchid(2000) Beautification Committe
0%
Dance Tonight! Revolution Tomorrow!(2000) Black Hills
0%
Chaos Is Me(1999) Boy with No Arms
0%
Gatefold(2002) Chaos Ain't Me
0%
Gatefold(2002) Class Pictures
0%
We Hate You(1997) Consumed
0%
Chaos Is Me(1999) Death of a Modernist
0%
Jeromes Dream / Orchid(2000) Ding Dong Dead
0%
Gatefold(2002) Discourse of Desire
0%
Gatefold(2002) Dissadents in Love
0%
Dance Tonight! Revolution Tomorrow!(2000) Don't Rat Out Your Friends
0%
Split 6''(1999) Eye Gouger
0%
Gatefold(2002) Fashion Meets Passion
0%
Gatefold(2002) Flip the Tape
0%
Chaos Is Me(1999) Framecode
0%
Totality(2005) Halving the Bones
0%
Orchid(1998) Hit the Ground
0%
Gatefold(2002) Impersonating Martin Rev
0%
Chaos Is Me(1999) In G and E
0%
Orchid / The Red Scare(2000) Intelligable Audio
0%
Chaos Is Me(1999) Invasion U.S.A.
0%
Gatefold(2002) Let's Commodify Sexuality
0%
Orchid / The Red Scare(2000) Lucky 13
0%
Orchid(1998) Mean S.O.B
0%
Jeromes Dream / Orchid(2000) New Ideas in Mathematics
0%
Gatefold(2002) None More Black
0%
Orchid / Encyclopedia of American Traitors(1998) Notes From a Smoothtalker
0%
Gatefold(2002) No, We Don't Have Any T-Shirts
0%
Orchid(1998) O.S.K
0%
Split 6''(1999) Panopticism
0%
We Hate You(1997) Pledge
0%
Totality(2005) September 18th, 1993
0%
We Hate You(1997) Stagnant
0%
Totality(2005) T-12
0%
Chaos Is Me(1999) The Action Index
0%
Orchid / Encyclopedia of American Traitors(1998) The Easy One
0%
Gatefold(2002) Tigers
0%
Dance Tonight! Revolution Tomorrow!(2000) To Praise Prosthesis
0%
Gatefold(2002) Trail of the Unknown Body
0%
We Hate You(1997) Whole Lotta Love
0%
No matching quizzes found
Score Distribution
Percent of People with Each Score
Percentile by Number Answered
Your Score History
You have not taken this quiz